[Event "Titled Tuesday intern op 12th Mar Late"]
[Site "Chess.com INT"]
[Date "2024.03.12"]
[Round "5"]
[White "Balaji, Aaravamudhan"]
[Black "Metrick, Andrew"]
[Result "1-0"]
[WhiteElo "2346"]
[BlackElo "2255"]
[PlyCount "111"]
[EventDate "2024.03.12"]
[EventType "swiss (blitz)"]
[EventRounds "11"]
[EventCountry "USA"]
[SourceTitle "CB12_2024"]
[SourceDate "2023.10.01"]
[SourceVersion "1"]
[SourceVersionDate "2023.10.01"]
[SourceQuality "1"]

1. b4 d5 2. Bb2 Qd6 3. a3 e5 4. e3 Be6 5. d3 Nd7 6. g3 c6 7. Bg2 Qc7 8. Nd2 Ngf6 9. Ngf3 Bd6 10. 0-0 0-0 11. c4 Qd8 12. Qc1 Rc8 13. Bc3 Re8 14. Qb2 Bf5 15. e4 Bg4 16. exd5 cxd5 17. c5 Bb8 18. d4 e4 19. Ne1 Be2 20. Nc2 Bxf1 21. Nxf1 Nf8 22. Nfe3 Ng6 23. a4 Qd7 24. b5 Rcd8 25. Rb1 h5 26. h4 Ng4 27. a5 a6 28. bxa6 bxa6 29. Bf1 Nxe3 30. Nxe3 f5 31. Qb7 Qxb7 32. Rxb7 f4 33. Nf5 Nf8 34. Rxg7+ Kh8 35. Rg5 e3 36. Rxh5+ Kg8 37. Rg5+ Kh8 38. fxe3 fxe3 39. Be2 Rd7 40. Bxa6 Ra7 41. Bb5 Re4 42. Bd3 Re6 43. Kf1 Rf7 44. Ke2 Ref6 45. g4 Rg6 46. Rxg6 Nxg6 47. Kxe3 Ne7 48. a6 Nxf5+ 49. Bxf5 Ba7 50. Ba5 Rf6 51. Bc8 Rc6 52. Bb7 Re6+ 53. Kd3 Kg7 54. Bb6 Bxb6 55. cxb6 Rxb6 56. a7 1-0

[Event "Titled Tuesday intern op 12th Mar Late"]
[Site "Chess.com INT"]
[Date "2024.03.12"]
[Round "6"]
[White "Tymrakiewicz, Rafal"]
[Black "Balaji, Aaravamudhan"]
[Result "0-1"]
[WhiteElo "2131"]
[BlackElo "2346"]
[PlyCount "72"]
[EventDate "2024.03.12"]
[EventType "swiss (blitz)"]
[EventRounds "11"]
[EventCountry "USA"]
[SourceTitle "CB12_2024"]
[SourceDate "2023.10.01"]
[SourceVersion "1"]
[SourceVersionDate "2023.10.01"]
[SourceQuality "1"]

1. d4 b6 2. e4 Bb7 3. Nd2 d6 4. Bd3 Nd7 5. f4 e5 6. Ndf3 exd4 7. Nxd4 Ngf6 8. Qe2 Qe7 9. Nf5 Qe6 10. Nd4 Qg4 11. Qxg4 Nxg4 12. Ngf3 Ngf6 13. 0-0 Be7 14. Nf5 g6 15. Nxe7 Kxe7 16. e5 Nd5 17. Bd2 Nc5 18. Rfe1 Rhe8 19. b4 Ne6 20. Be4 c6 21. Bxd5 cxd5 22. exd6+ Kxd6 23. Ne5 f6 24. Nd3 Rac8 25. c3 Ng7 26. g4 Re4 27. Rxe4 dxe4 28. Nf2 f5 29. g5 Ne6 30. Rd1 Ke7 31. Be1 e3 32. Nd3 Rd8 33. Nb2 Rxd1 34. Nxd1 Nxf4 35. Bg3 e2 36. Nb2 Nh3# 0-1

[Event "Titled Tuesday intern op 27th Feb Late"]
[Site "Chess.com INT"]
[Date "2024.02.27"]
[Round "4"]
[White "Balaji, Aaravamudhan"]
[Black "Akhayan, Ruben"]
[Result "1/2-1/2"]
[WhiteElo "2346"]
[BlackElo "2249"]
[PlyCount "112"]
[EventDate "2024.02.27"]
[EventType "swiss (blitz)"]
[EventRounds "11"]
[EventCountry "USA"]
[SourceTitle "CB10_2024"]
[SourceDate "2024.03.06"]
[SourceVersion "1"]
[SourceVersionDate "2024.03.06"]
[SourceQuality "1"]

1. b3 e5 2. Bb2 Nc6 3. e3 a6 4. d4 exd4 5. exd4 d5 6. h3 Nf6 7. Nf3 Bd6 8. Bd3 Qe7+ 9. Qe2 Qxe2+ 10. Kxe2 0-0 11. a3 Re8+ 12. Kf1 Ne4 13. Nc3 Nxc3 14. Bxc3 h6 15. g4 Ne7 16. Kg2 Ng6 17. Bxg6 fxg6 18. Rhe1 Bd7 19. Bb4 Re4 20. Bxd6 cxd6 21. Rxe4 dxe4 22. Nd2 Bc6 23. Nf1 e3+ 24. f3 e2 25. Nd2 a5 26. Re1 a4 27. b4 Re8 28. Kf2 d5 29. Rxe2 Rc8 30. c4 dxc4 31. Nxc4 Bxf3 32. Nd6 Rf8 33. Re7 Bxg4+ 34. Kg2 Bf3+ 35. Kg1 Bc6 36. b5 Bd5 37. Re5 Bf3 38. d5 Rd8 39. Nxb7 Rxd5 40. Rxd5 Bxd5 41. Nc5 Kf7 42. b6 Kf6 43. b7 Bxb7 44. Nxb7 Ke5 45. Nc5 Kd5 46. Nxa4 Kc4 47. Nb2+ Kb3 48. a4 Kb4 49. Kg2 g5 50. Kg3 h5 51. Kf3 Ka5 52. Ke4 g6 53. Ke5 Kb4 54. Ke4 Ka5 55. Kd4 Kb4 56. Ke4 Ka5 1/2-1/2

[Event "Titled Tuesday intern op 06th Feb Late"]
[Site "Chess.com INT"]
[Date "2024.02.06"]
[Round "5"]
[White "Alekseenko, Kirill"]
[Black "Balaji, Aaravamudhan"]
[Result "1-0"]
[WhiteElo "2650"]
[BlackElo "2346"]
[PlyCount "79"]
[EventDate "2024.02.06"]
[EventType "swiss (blitz)"]
[EventRounds "11"]
[EventCountry "USA"]
[SourceTitle "CB07_2024"]
[SourceDate "2024.02.14"]
[SourceVersion "1"]
[SourceVersionDate "2024.02.14"]
[SourceQuality "1"]

1. e4 b6 2. Nf3 Bb7 3. Nc3 e6 4. d4 d6 5. Bd3 Nd7 6. Be3 g6 7. Qd2 Bg7 8. h4 h6 9. 0-0-0 Ngf6 10. Kb1 a6 11. d5 Ng4 12. dxe6 fxe6 13. Bc4 Qe7 14. Bd4 Nde5 15. Nxe5 Nxe5 16. Be2 c5 17. Be3 0-0-0 18. f4 Nc6 19. h5 gxh5 20. Rxh5 Nd4 21. Rdh1 Kb8 22. g4 Nxe2 23. Nxe2 Bxe4 24. Rg1 d5 25. Ng3 Bg6 26. Rh2 Rhf8 27. f5 exf5 28. Bf4+ Ka8 29. Re2 Qd7 30. Rge1 Rde8 31. gxf5 Rxe2 32. Qxe2 Bxf5 33. Nxf5 Kb7 34. Nd6+ Ka7 35. Bh2 Bf6 36. a3 h5 37. Qxh5 Rh8 38. Qg6 Bxb2 39. Kxb2 Rxh2 40. Re7 1-0

[Event "Titled Tuesday intern op 06th Feb Late"]
[Site "Chess.com INT"]
[Date "2024.02.06"]
[Round "2"]
[White "Balaji, Aaravamudhan"]
[Black "Andreikin, Dmitry"]
[Result "1/2-1/2"]
[WhiteElo "2346"]
[BlackElo "2729"]
[PlyCount "138"]
[EventDate "2024.02.06"]
[EventType "swiss (blitz)"]
[EventRounds "11"]
[EventCountry "USA"]
[SourceTitle "CB07_2024"]
[SourceDate "2024.02.14"]
[SourceVersion "1"]
[SourceVersionDate "2024.02.14"]
[SourceQuality "1"]

1. Nf3 Nf6 2. b3 g6 3. Bb2 Bg7 4. d4 0-0 5. e3 d6 6. Be2 Nc6 7. 0-0 Qe8 8. d5 Nb8 9. c4 e5 10. dxe6 Bxe6 11. Nc3 Nc6 12. Qd2 Rd8 13. Rfd1 Ne5 14. Nb5 Qe7 15. Nxe5 dxe5 16. Qa5 Ne4 17. Qxc7 Qh4 18. g3 Qf6 19. f4 Rxd1+ 20. Rxd1 Qf5 21. Bxe5 Nxg3 22. hxg3 Qh3 23. f5 Bxf5 24. Bf3 Bg4 25. Bxg4 Qxg4 26. Rd8 Qe2 27. Rxf8+ Bxf8 28. Bc3 Qxe3+ 29. Kg2 Qe2+ 30. Kh3 Qf1+ 31. Kh2 Qf2+ 32. Kh1 Qf3+ 33. Kh2 Qe2+ 34. Kh1 a6 35. Qe5 Qxe5 36. Bxe5 axb5 37. cxb5 f5 38. a4 Kf7 39. a5 Ke6 40. Bd4 Kd5 41. a6 bxa6 42. bxa6 Kc6 43. Kg2 Bd6 44. Kf3 h5 45. Be3 Bf8 46. Kg2 Be7 47. Kf3 g5 48. Kg2 g4 49. Bd4 Bd6 50. Be3 Bb4 51. Bf2 Kc7 52. Bd4 Kb8 53. Kf2 Bd6 54. Kg2 Ka8 55. Kf2 Kb8 56. Kg2 f4 57. gxf4 Bxf4 58. Bf2 Bg5 59. b4 h4 60. b5 h3+ 61. Kh1 Bd8 62. Bg3+ Ka7 63. Bf2+ Bb6 64. Bxb6+ Kxb6 65. Kh2 Ka7 66. Kg3 Kb6 67. Kh2 Ka7 68. Kg3 Ka8 69. Kh2 Ka7 1/2-1/2

[Event "Titled Tuesday intern op 06th Feb Early"]
[Site "Chess.com INT"]
[Date "2024.02.06"]
[Round "7"]
[White "Balaji, Aaravamudhan"]
[Black "Herman, Daniel"]
[Result "1-0"]
[WhiteElo "2346"]
[BlackElo "1927"]
[PlyCount "57"]
[EventDate "2024.02.06"]
[EventType "swiss (blitz)"]
[EventRounds "11"]
[EventCountry "USA"]
[SourceTitle "CB07_2024"]
[SourceDate "2024.02.14"]
[SourceVersion "1"]
[SourceVersionDate "2024.02.14"]
[SourceQuality "1"]

1. b4 e5 2. Bb2 Bxb4 3. Bxe5 Nf6 4. e3 0-0 5. c4 Nc6 6. Bb2 d5 7. Nf3 Bg4 8. cxd5 Nxd5 9. Be2 Qd6 10. 0-0 Rad8 11. a3 Ba5 12. d4 Rfe8 13. Nbd2 Qh6 14. Nc4 Nc3 15. Bxc3 Bxc3 16. Rc1 Bxf3 17. Bxf3 Bxd4 18. exd4 Nxd4 19. Ne3 c6 20. Rc4 Qf4 21. Qa1 Nxf3+ 22. gxf3 Qxf3 23. Rg4 g6 24. Rg3 Qe4 25. Ng4 Re6 26. Nf6+ Rxf6 27. Qxf6 Re8 28. Re3 Re6 29. Qd8+ 1-0

[Event "Titled Tuesday intern op 06th Feb Early"]
[Site "Chess.com INT"]
[Date "2024.02.06"]
[Round "5"]
[White "Balaji, Aaravamudhan"]
[Black "Khakhinov, Ilya"]
[Result "1-0"]
[WhiteElo "2346"]
[BlackElo "2236"]
[PlyCount "185"]
[EventDate "2024.02.06"]
[EventType "swiss (blitz)"]
[EventRounds "11"]
[EventCountry "USA"]
[SourceTitle "CB07_2024"]
[SourceDate "2024.02.14"]
[SourceVersion "1"]
[SourceVersionDate "2024.02.14"]
[SourceQuality "1"]

1. c4 e5 2. g3 d6 3. Bg2 f5 4. Nc3 Nf6 5. d3 g6 6. Nf3 Bg7 7. 0-0 0-0 8. Rb1 c6 9. Qc2 a6 10. b4 h6 11. a4 Be6 12. c5 Nd5 13. Bd2 Re8 14. e4 Nf6 15. cxd6 Qxd6 16. d4 Nxe4 17. dxe5 Bxe5 18. Nxe4 fxe4 19. Qxe4 Bd5 20. Qh4 Bxf3 21. Bxf3 Qxd2 22. Rbd1 Qg5 23. Qc4+ Kg7 24. Rfe1 Rf8 25. Bg2 Qf6 26. f4 Bc7 27. Re6 Qf7 28. Be4 Bb6+ 29. Kg2 Kh8 30. Qc3+ Qg7 31. Qxg7+ Kxg7 32. Rxg6+ Kf7 33. Rxh6 Ke7 34. Rh7+ Rf7 35. Rh8 a5 36. b5 Bc7 37. Bg6 Rg7 38. Bf5 cxb5 39. Rc8 Kf6 40. g4 bxa4 41. Kf3 a3 42. Re1 Ra6 43. h4 Rc6 44. Ra1 Bd6 45. Re8 Re7 46. Rg8 Kf7 47. Rh8 Kg7 48. Rh7+ Kf8 49. Rh8+ Kf7 50. Rh7+ Ke8 51. Rh8+ Kf7 52. Rh7+ Kf8 53. Rh8+ Kg7 54. Rh7+ Kg8 55. Rh6 Na6 56. Rg6+ Kf7 57. h5 Rc3+ 58. Kf2 Bb4 59. h6 Re8 60. Rg7+ Kf6 61. Rg6+ Ke7 62. Re1+ Kd8 63. Rxe8+ Kxe8 64. h7 Rh3 65. Rg8+ Kf7 66. Bg6+ Kf6 67. g5+ Ke6 68. Re8+ Kd6 69. Bf5 Rxh7 70. Bxh7 a2 71. Rd8+ Kc5 72. Rd1 Bc3 73. f5 a1Q 74. Rxa1 Bxa1 75. f6 Nc7 76. Bf5 Ne8 77. f7 Nd6 78. f8Q Bd4+ 79. Kf3 a4 80. g6 a3 81. Be6 a2 82. Bxa2 b5 83. g7 Bxg7 84. Qxg7 Kb4 85. Qd4+ Nc4 86. Bxc4 bxc4 87. Ke4 Kb3 88. Qd1+ Kb2 89. Kd4 c3 90. Qe2+ c2 91. Kd3 Ka1 92. Kxc2 Ka2 93. Qa6# 1-0

[Event "Titled Tuesday intern op 06th Feb Late"]
[Site "Chess.com INT"]
[Date "2024.02.06"]
[Round "6"]
[White "Balaji, Aaravamudhan"]
[Black "Silva Lucena, Cristian"]
[Result "0-1"]
[WhiteElo "2346"]
[BlackElo "2340"]
[PlyCount "126"]
[EventDate "2024.02.06"]
[EventType "swiss (blitz)"]
[EventRounds "11"]
[EventCountry "USA"]
[SourceTitle "CB07_2024"]
[SourceDate "2024.02.14"]
[SourceVersion "1"]
[SourceVersionDate "2024.02.14"]
[SourceQuality "1"]

1. e3 d5 2. Nf3 Nf6 3. c4 e6 4. b3 Be7 5. Bb2 0-0 6. Be2 a5 7. a3 dxc4 8. bxc4 c5 9. 0-0 Qb6 10. Bc3 Bd7 11. d4 cxd4 12. Bxd4 Qc7 13. Be5 Qc8 14. Nc3 Nc6 15. Bd6 Rd8 16. Bxe7 Nxe7 17. Qd6 Nf5 18. Qe5 Bc6 19. Rfd1 Rxd1+ 20. Rxd1 Qf8 21. e4 Ne7 22. Nb5 Bxe4 23. Ng5 Bc6 24. Nc7 Rc8 25. Ncxe6 Ng6 26. Qe3 Qe7 27. Nd4 Qxe3 28. fxe3 h6 29. Nxc6 bxc6 30. Nf3 Ne4 31. Rd7 Rb8 32. h4 Nf6 33. Rc7 Ng4 34. Rxc6 Rb1+ 35. Bf1 Nxe3 36. Nd2 Rd1 37. Rd6 Nxf1 38. c5 Rxd2 39. Rb6 Ne3 40. c6 Rxg2+ 41. Kh1 Rc2 42. Rb8+ Kh7 43. h5 Nf4 44. a4 Rxc6 45. Kg1 Nxh5 46. Kh2 Nf5 47. Kh3 Nf6 48. Kh2 Rc4 49. Rb5 Rxa4 50. Rxf5 Kg6 51. Rb5 Ra3 52. Kg2 h5 53. Kf2 Ng4+ 54. Kg2 f6 55. Kh1 Kh6 56. Kg2 g5 57. Kh1 Kg6 58. Kg1 h4 59. Kh1 Kh5 60. Kg1 Ra2 61. Kf1 h3 62. Rb1 Kh4 63. Rc1 h2 0-1

[Event "Titled Tuesday intern op 26th Sep Late"]
[Site "Chess.com INT"]
[Date "2023.09.26"]
[Round "7"]
[White "Balaji, Aaravamudhan"]
[Black "Yeletsky, Ivan"]
[Result "0-1"]
[WhiteElo "2346"]
[BlackElo "2504"]
[PlyCount "92"]
[EventDate "2023.09.26"]
[EventType "swiss (blitz)"]
[EventRounds "11"]
[EventCountry "USA"]
[SourceTitle "EXT 2024"]
[Source "ChessBase"]
[SourceDate "2023.10.10"]
[SourceVersion "1"]
[SourceVersionDate "2023.10.10"]
[SourceQuality "1"]

1. b4 e6 2. Bb2 Nf6 3. a3 c5 4. b5 d5 5. e3 a6 6. Nf3 Bd7 7. bxa6 Nxa6 8. c4 Bd6 9. Be2 dxc4 10. Bxc4 b5 11. Be2 0-0 12. 0-0 Nc7 13. Ne5 Be8 14. d3 Ncd5 15. Nd2 Qc7 16. Ndf3 Nd7 17. Nxd7 Bxd7 18. Qd2 Rfc8 19. Rfc1 h6 20. g3 Nb6 21. Bd4 Qb7 22. Be5 Bf8 23. e4 c4 24. dxc4 Nxc4 25. Bxc4 Rxc4 26. Rxc4 bxc4 27. Qd4 c3 28. Qxc3 Qxe4 29. Qe3 Qxe3 30. fxe3 Rxa3 31. Rxa3 Bxa3 32. Kf2 f6 33. Bc3 e5 34. h4 h5 35. Nd2 Be6 36. Ne4 Bd5 37. Nd2 Bc5 38. Bb2 Kf7 39. Bc1 Ke6 40. Nb1 Be4 41. Nc3 Bc6 42. Ne2 Kf5 43. Bd2 Ke4 44. Bc1 Kd3 45. Ng1 Kc2 46. Ne2 Bb5 0-1

[Event "Titled Tuesday intern op 26th Sep Late"]
[Site "Chess.com INT"]
[Date "2023.09.26"]
[Round "6"]
[White "Carrasco Miranda, Andres"]
[Black "Balaji, Aaravamudhan"]
[Result "0-1"]
[WhiteElo "2241"]
[BlackElo "2346"]
[PlyCount "102"]
[EventDate "2023.09.26"]
[EventType "swiss (blitz)"]
[EventRounds "11"]
[EventCountry "USA"]
[SourceTitle "EXT 2024"]
[Source "ChessBase"]
[SourceDate "2023.10.10"]
[SourceVersion "1"]
[SourceVersionDate "2023.10.10"]
[SourceQuality "1"]

1. d4 b5 2. a4 b4 3. e4 Bb7 4. Bd3 e6 5. Nf3 d6 6. 0-0 Nd7 7. c3 bxc3 8. Nxc3 Be7 9. Re1 Ngf6 10. a5 a6 11. Bg5 0-0 12. Qd2 c5 13. d5 e5 14. Reb1 Nh5 15. Bxe7 Qxe7 16. b4 cxb4 17. Rxb4 Nc5 18. Rab1 Nf4 19. Bf1 f5 20. exf5 Rxf5 21. g3 Ng6 22. Bg2 Raf8 23. Qd1 Bc8 24. Ne4 R5f7 25. Nxc5 dxc5 26. Re4 Bf5 27. Rxe5 Nxe5 28. d6 Nxf3+ 29. Bxf3 Qf6 30. Rb6 Bc2 31. Qxc2 Qxf3 32. Qxc5 Qxf2+ 33. Qxf2 Rxf2 34. d7 Rf1+ 35. Kg2 Rd1 36. Rb7 Rd8 37. Ra7 R1xd7 38. Rxa6 Rd2+ 39. Kh3 Ra2 40. Ra7 Rd5 41. a6 Rda5 42. Kg4 Rxa6 43. Rb7 R2a4+ 44. Kf5 R4a5+ 45. Kg4 Rg6+ 46. Kh4 Rh6+ 47. Kg4 Ra4+ 48. Kg5 Ra8 49. h4 Rg6+ 50. Kf4 Rf8+ 51. Ke3 Rxg3+ 0-1

[Event "Titled Tuesday intern op 19th Sep Late"]
[Site "Chess.com INT"]
[Date "2023.09.19"]
[Round "7"]
[White "Balaji, Aaravamudhan"]
[Black "Grigoriants, Sergey"]
[Result "1/2-1/2"]
[WhiteElo "2345"]
[BlackElo "2562"]
[PlyCount "59"]
[EventDate "2023.09.19"]
[EventType "swiss (blitz)"]
[EventRounds "11"]
[EventCountry "USA"]
[SourceTitle "EXT 2024"]
[Source "ChessBase"]
[SourceDate "2023.10.10"]
[SourceVersion "1"]
[SourceVersionDate "2023.10.10"]
[SourceQuality "1"]

1. b4 e5 2. Bb2 Bxb4 3. Bxe5 Nf6 4. e3 0-0 5. c3 Be7 6. Bxf6 Bxf6 7. g3 d5 8. Bg2 c6 9. Ne2 Bf5 10. 0-0 Nd7 11. d4 b5 12. Nd2 Nb6 13. h3 Re8 14. g4 Bg6 15. Nf4 Qd6 16. Nxg6 hxg6 17. e4 Qf4 18. e5 Be7 19. Rb1 f6 20. Nf3 fxe5 21. dxe5 Bc5 22. Qd3 Kh7 23. Rbe1 Nc4 24. e6 Re7 25. h4 Qxg4 26. Ng5+ Kh6 27. Nf7+ Kh7 28. Ng5+ Kh6 29. Nf7+ Kh7 30. Ng5+ 1/2-1/2

[Event "Titled Tuesday intern op 19th Sep Late"]
[Site "Chess.com INT"]
[Date "2023.09.19"]
[Round "11"]
[White "Balaji, Aaravamudhan"]
[Black "Melkumyan, Hrant"]
[Result "0-1"]
[WhiteElo "2345"]
[BlackElo "2650"]
[PlyCount "74"]
[EventDate "2023.09.19"]
[EventType "swiss (blitz)"]
[EventRounds "11"]
[EventCountry "USA"]
[SourceTitle "EXT 2024"]
[Source "ChessBase"]
[SourceDate "2023.10.10"]
[SourceVersion "1"]
[SourceVersionDate "2023.10.10"]
[SourceQuality "1"]

1. b4 e5 2. Bb2 Nf6 3. Bxe5 Nc6 4. Bxf6 Qxf6 5. c3 Bxb4 6. d4 Ba5 7. e3 0-0 8. Ne2 Re8 9. Nd2 d6 10. g3 Bg4 11. Bg2 Bxc3 12. Rc1 Nxd4 13. Rxc3 Nxe2 14. Rc4 Bh5 15. g4 Nf4 16. Rxf4 Qxf4 17. gxh5 d5 18. Qf3 Qxf3 19. Bxf3 c6 20. h6 g6 21. Ke2 Rad8 22. Rb1 Re7 23. Nb3 Kf8 24. a4 b6 25. a5 c5 26. axb6 axb6 27. Nc1 Re6 28. Nd3 d4 29. Nf4 Red6 30. exd4 Rxd4 31. Ng2 Rb4 32. Ra1 Rb2+ 33. Ke3 c4 34. Nf4 Rb3+ 35. Ke4 Re8+ 36. Kd4 Rxf3 37. Nd5 b5 0-1

[Event "Titled Tuesday intern op 19th Sep Late"]
[Site "Chess.com INT"]
[Date "2023.09.19"]
[Round "1"]
[White "Ljubarov, Mark"]
[Black "Balaji, Aaravamudhan"]
[Result "0-1"]
[WhiteElo "2305"]
[BlackElo "2345"]
[PlyCount "112"]
[EventDate "2023.09.19"]
[EventType "swiss (blitz)"]
[EventRounds "11"]
[EventCountry "USA"]
[SourceTitle "EXT 2024"]
[Source "ChessBase"]
[SourceDate "2023.10.10"]
[SourceVersion "1"]
[SourceVersionDate "2023.10.10"]
[SourceQuality "1"]

1. d4 b5 2. Nf3 Bb7 3. a4 b4 4. a5 Nf6 5. e3 a6 6. Nbd2 e6 7. Nb3 Be7 8. Bd3 0-0 9. Bd2 Ne4 10. 0-0 Nxd2 11. Nfxd2 d5 12. f4 Nd7 13. Qh5 g6 14. Qe2 c5 15. dxc5 Nxc5 16. Nxc5 Bxc5 17. Nb3 Ba7 18. Kh1 Qd6 19. Rad1 Rfe8 20. e4 dxe4 21. Bxe4 Bd5 22. Qd3 Rad8 23. Bxd5 Qxd5 24. Qxd5 exd5 25. Rfe1 Rc8 26. Rxe8+ Rxe8 27. g3 Re2 28. Rd2 Rxd2 29. Nxd2 Bd4 30. Nb3 Bxb2 31. Nc5 Bc3 32. Nxa6 b3 33. cxb3 Bxa5 34. b4 Bb6 35. Kg2 Kf8 36. Kf3 Ke7 37. Nc5 Bxc5 38. bxc5 f5 39. Ke3 Kd7 40. Kd3 Kc7 41. Kc3 Kd7 42. Kd3 h6 43. h3 Kc7 44. Kc3 Kd7 45. Kd3 g5 46. h4 gxh4 47. gxh4 Kc6 48. Kd4 h5 49. Ke5 Kxc5 50. Kxf5 d4 51. Ke4 Kc4 52. f5 d3 53. f6 d2 54. f7 d1Q 55. Ke5 Qd8 56. Ke6 Qf8 0-1

[Event "Speed Chess Q2 Sw"]
[Site "Chess.com INT"]
[Date "2023.08.23"]
[Round "2"]
[White "Balaji, Aaravamudhan"]
[Black "Drygalov, Sergey"]
[Result "1/2-1/2"]
[WhiteElo "2334"]
[BlackElo "2547"]
[PlyCount "72"]
[EventDate "2023.08.23"]
[EventType "swiss (blitz)"]
[EventRounds "14"]
[EventCountry "USA"]
[SourceTitle "CBM 215 Extra"]
[Source "ChessBase"]
[SourceDate "2023.09.30"]
[SourceVersion "1"]
[SourceVersionDate "2023.09.30"]
[SourceQuality "1"]

1. b4 e5 2. Bb2 e4 3. e3 Nf6 4. a3 a5 5. b5 d5 6. c4 c6 7. Nc3 d4 8. exd4 Qxd4 9. Nge2 Qe5 10. Ng3 Bc5 11. Be2 Bd4 12. 0-0 0-0 13. Qc2 h5 14. Rfe1 h4 15. Nf1 cxb5 16. cxb5 Bf5 17. Ne3 h3 18. Nxf5 Qxf5 19. Nd1 Bxb2 20. Qxb2 hxg2 21. Ne3 Qf4 22. Nxg2 Qg5 23. Kh1 Nbd7 24. Rg1 Ne5 25. Ne3 Qf4 26. Ng2 Qf5 27. Ne3 Qe6 28. Rg5 Nf3 29. Bxf3 exf3 30. Rag1 g6 31. Qd4 Ne4 32. Nf5 Nf6 33. Nh6+ Kg7 34. Nf5+ Kg8 35. Nh6+ Kg7 36. Nf5+ Kg8 1/2-1/2

[Event "Speed Chess Q2 Sw"]
[Site "Chess.com INT"]
[Date "2023.08.23"]
[Round "11"]
[White "Balaji, Aaravamudhan"]
[Black "Lenderman, Aleksandr"]
[Result "1-0"]
[WhiteElo "2334"]
[BlackElo "2547"]
[PlyCount "119"]
[EventDate "2023.08.23"]
[EventType "swiss (blitz)"]
[EventRounds "14"]
[EventCountry "USA"]
[SourceTitle "CBM 215 Extra"]
[Source "ChessBase"]
[SourceDate "2023.09.30"]
[SourceVersion "1"]
[SourceVersionDate "2023.09.30"]
[SourceQuality "1"]

1. b4 e5 2. Bb2 Bxb4 3. Bxe5 Nf6 4. e3 0-0 5. c3 Be7 6. Bxf6 Bxf6 7. g3 d5 8. Bg2 c5 9. d4 cxd4 10. cxd4 Nc6 11. Ne2 Bg4 12. Nbc3 Rc8 13. Qd2 Nb4 14. a3 Bxe2 15. Kxe2 Nc6 16. Nxd5 Re8 17. Nxf6+ Qxf6 18. Bxc6 Qxc6 19. Rhc1 Qb5+ 20. Qd3 Qb2+ 21. Qd2 Qb5+ 22. Qd3 Qh5+ 23. Kd2 Qxh2 24. Qf5 Rxc1 25. Rxc1 Rf8 26. Qf3 Qh3 27. Qxb7 Qf5 28. Ke2 Qh5+ 29. Kd2 Qf5 30. Ke2 Qh5+ 31. Kf1 a5 32. Kg1 g6 33. Rc8 Qd1+ 34. Kg2 Qa4 35. Rxf8+ Kxf8 36. Qb8+ Kg7 37. Qe5+ Kg8 38. Qb8+ Kg7 39. Qe5+ Kg8 40. Qc5 h5 41. Qc8+ Kg7 42. Qc5 Kg8 43. Qd6 Qc2 44. Qe5 Qc3 45. Qe8+ Kg7 46. Qe5+ Kg8 47. Qc5 Qd3 48. d5 Qe4+ 49. Kf1 h4 50. gxh4 Qxh4 51. d6 Qh3+ 52. Ke1 Qd7 53. Qc7 Qb5 54. d7 Qb1+ 55. Ke2 Qa2+ 56. Kd1 Qa1+ 57. Qc1 Qf6 58. Qc8+ Kg7 59. d8Q Qa1+ 60. Qc1 1-0

[Event "Speed Chess Q2 Sw"]
[Site "Chess.com INT"]
[Date "2023.08.23"]
[Round "4"]
[White "Balaji, Aaravamudhan"]
[Black "Povshednyi, Ivan"]
[Result "0-1"]
[WhiteElo "2334"]
[BlackElo "2223"]
[PlyCount "100"]
[EventDate "2023.08.23"]
[EventType "swiss (blitz)"]
[EventRounds "14"]
[EventCountry "USA"]
[SourceTitle "CBM 215 Extra"]
[Source "ChessBase"]
[SourceDate "2023.09.30"]
[SourceVersion "1"]
[SourceVersionDate "2023.09.30"]
[SourceQuality "1"]

1. b4 e5 2. Bb2 Bxb4 3. Bxe5 Nf6 4. e3 0-0 5. c3 Be7 6. Bxf6 Bxf6 7. g3 Re8 8. Bg2 d5 9. Ne2 c6 10. 0-0 Bf5 11. d4 Nd7 12. Nd2 h6 13. a4 g6 14. Ra2 Bg7 15. Rb2 Qc7 16. h3 Nf6 17. g4 Bd3 18. Re1 h5 19. Nf4 Ba6 20. gxh5 g5 21. Ne2 Nxh5 22. Nf1 f5 23. Nfg3 Qf7 24. Nxh5 Qxh5 25. Ng3 Qf7 26. Qh5 f4 27. Qxf7+ Kxf7 28. Nf1 Kg6 29. Nh2 Rad8 30. Ng4 c5 31. Bf1 Bxf1 32. Rxf1 b6 33. a5 Rd6 34. Rfb1 Ree6 35. a6 fxe3 36. fxe3 Re4 37. dxc5 bxc5 38. Rb7 Rxa6 39. Rf1 Bxc3 40. Rff7 Ra1+ 41. Kf2 Ra2+ 42. Kf1 Rb4 43. Rxb4 cxb4 44. Rb7 a5 45. Kg1 a4 46. Rb6+ Kf7 47. Nf2 b3 48. Nd3 b2 49. Rb7+ Ke6 50. Nc5+ Kd6 0-1

[Event "Speed Chess Q2 Sw"]
[Site "Chess.com INT"]
[Date "2023.08.23"]
[Round "8"]
[White "Bychkov, Vladimir"]
[Black "Balaji, Aaravamudhan"]
[Result "0-1"]
[WhiteElo "2225"]
[BlackElo "2334"]
[PlyCount "184"]
[EventDate "2023.08.23"]
[EventType "swiss (blitz)"]
[EventRounds "14"]
[EventCountry "USA"]
[SourceTitle "CBM 215 Extra"]
[Source "ChessBase"]
[SourceDate "2023.09.30"]
[SourceVersion "1"]
[SourceVersionDate "2023.09.30"]
[SourceQuality "1"]

1. d4 b5 2. e3 Bb7 3. a4 b4 4. c4 bxc3 5. Nxc3 Nf6 6. Nf3 e6 7. a5 Bb4 8. a6 Be4 9. Bd2 Bxc3 10. bxc3 Nc6 11. Be2 0-0 12. 0-0 Ne7 13. Ng5 Rb8 14. Nxe4 Nxe4 15. Bd3 Nxd2 16. Qxd2 d5 17. Rfb1 Rb6 18. c4 dxc4 19. Bxc4 Qd6 20. Rxb6 cxb6 21. Bd3 Rc8 22. h3 g6 23. Rc1 Rc7 24. Rxc7 Qxc7 25. g4 Nd5 26. Qb2 Qc3 27. Qe2 Nb4 28. Bb5 Kg7 29. Kg2 Nc2 30. h4 h6 31. g5 hxg5 32. hxg5 Nb4 33. Qf3 Nd5 34. Be8 Qc7 35. Bb5 Qd8 36. Qg3 Qa8 37. Qe5+ Kg8 38. e4 Nc3 39. d5 Nxb5 40. dxe6 Qe8 41. e7 Nd4 42. Qxd4 Qxe7 43. Qd5 Kg7 44. f3 Qb4 45. Qe5+ Kh7 46. Kh3 Qc4 47. Qf6 Kg8 48. Kg3 Qxa6 49. e5 Qc4 50. Qd8+ Kg7 51. Qf6+ Kg8 52. Qd8+ Kh7 53. Qe7 Qe6 54. Qxa7 Qxe5+ 55. f4 Qe3+ 56. Kg4 Kg7 57. Qb7 Qe2+ 58. Kg3 Qe3+ 59. Kg4 Qd4 60. Kf3 Qd3+ 61. Kf2 Qd2+ 62. Kf3 Qc3+ 63. Ke4 Qc4+ 64. Ke3 b5 65. Kf3 Qc3+ 66. Kg4 b4 67. f5 Qd4+ 68. Kg3 gxf5 69. Qc6 Qe3+ 70. Kh2 Qf4+ 71. Kh1 Qh4+ 72. Kg1 Qxg5+ 73. Kf2 Qf4+ 74. Kg1 Qe3+ 75. Kf1 Qe4 76. Qb6 Qf3+ 77. Ke1 Qc3+ 78. Ke2 b3 79. Qg1+ Kf6 80. Qb6+ Kg7 81. Qg1+ Kh7 82. Qh1+ Kg6 83. Qg1+ Kf6 84. Qb6+ Ke5 85. Qb5+ Kf4 86. Qb8+ Qe5+ 87. Qxe5+ Kxe5 88. Kd3 f4 89. Kc3 f3 90. Kd2 f2 91. Ke2 b2 92. Kxf2 b1Q 0-1

[Event "Speed Chess Q1 Sw"]
[Site "Chess.com INT"]
[Date "2023.08.21"]
[Round "1"]
[White "Balaji, Aaravamudhan"]
[Black "Sarana, Alexey"]
[Result "1-0"]
[WhiteElo "2334"]
[BlackElo "2685"]
[PlyCount "59"]
[EventDate "2023.08.21"]
[EventType "k.o. (blitz)"]
[EventRounds "14"]
[EventCountry "USA"]
[SourceTitle "CBM 215 Extra"]
[Source "ChessBase"]
[SourceDate "2023.09.30"]
[SourceVersion "1"]
[SourceVersionDate "2023.09.30"]
[SourceQuality "1"]

1. b4 Nf6 2. Bb2 g6 3. e3 Bg7 4. d4 d6 5. c4 e5 6. dxe5 Ng4 7. Nf3 Nc6 8. Qd2 Ngxe5 9. Nxe5 dxe5 10. Qxd8+ Nxd8 11. Nc3 Ne6 12. 0-0-0 a5 13. a3 f5 14. c5 axb4 15. axb4 c6 16. Bc4 Ke7 17. Bb3 Bf6 18. Na4 Nc7 19. Nb6 Ra7 20. Rd6 Be6 21. Bxe6 Nxe6 22. Rd7+ Ke8 23. Rhd1 Rf8 24. R1d6 Ng5 25. h4 Be7 26. hxg5 Bxd6 27. cxd6 Rf7 28. Rxf7 Kxf7 29. d7 Ke7 30. Bxe5 1-0